|
|
|
|
| LEADER |
01523cam a22003494a 4500 |
| 001 |
14797 |
| 003 |
BD-DhAAL |
| 005 |
20151006020002.0 |
| 008 |
141117s2006 maua 001 0 eng |
| 010 |
|
|
|a 2004056942
|
| 020 |
|
|
|a 0072834943 (alk. paper)
|
| 020 |
|
|
|a 0072986174 (aie : alk. paper)
|
| 040 |
|
|
|a DLC
|c DLC
|d DLC
|d BD-DhAAL
|
| 050 |
0 |
0 |
|a HF5657.4
|b .G37 2006
|
| 082 |
0 |
0 |
|a 658.15/11
|2 22
|
| 999 |
|
|
|c 33055
|d 33055
|
| 999 |
|
|
|c 33055
|
| 100 |
1 |
|
|a Garrison, Ray H.
|9 6026
|
| 245 |
1 |
0 |
|a Managerial accounting /
|c Ray H. Garrison, Eric W. Noreen, Peter C. Brewer.
|
| 250 |
|
|
|a 11th ed. /
|
| 260 |
|
|
|a Boston :
|b McGraw-Hill/Irwin,
|c 2006.
|
| 300 |
|
|
|a xvi, 863 p. :
|b col. ill. ;
|c 29 cm.
|
| 500 |
|
|
|a Various multi-media instructional materials are available to supplement the text.
|
| 500 |
|
|
|a Includes index.
|
| 541 |
|
|
|e 14797
|
| 650 |
|
0 |
|a Managerial accounting.
|9 6027
|
| 700 |
1 |
|
|a Noreen, Eric W.
|9 6028
|
| 700 |
1 |
|
|a Brewer, Peter C.
|9 6029
|
| 942 |
|
|
|2 ddc
|c BK
|0 1
|
| 952 |
|
|
|0 0
|1 0
|2 ddc
|4 0
|6 658_151100000000000_GAR
|7 0
|9 44069
|a BRACUL
|b BRACUL
|c GEN
|d 2014-11-17
|l 18
|m 190
|o 658.1511 GAR
|p 3010014797
|q 2023-05-16
|r 2020-01-14
|s 2020-01-14
|t 1
|w 2014-11-17
|y BK
|
| 952 |
|
|
|0 0
|1 0
|2 ddc
|4 0
|6 658_151100000000000_GAR
|7 0
|9 52998
|a SCL
|b SCL
|c GEN
|d 2015-03-10
|e Gift: The Asia Foundation
|l 0
|o 658.1511 GAR
|p 3020007375
|r 2015-03-10
|t 2
|w 2015-03-10
|y BK
|
| 952 |
|
|
|0 0
|1 0
|2 ddc
|4 0
|6 658_151100000000000_GAR
|7 0
|9 53100
|a SCL
|b SCL
|c GEN
|d 2015-03-14
|e Gift: The Asia Foundation
|l 0
|o 658.1511 GAR
|p 3020007376
|r 2015-03-14
|t 3
|w 2015-03-14
|y BK
|